Szczegóły MARC21
Amortyzacja podatkowa i bilansowa /
-
- @
- pole kontrolne
- 20100223113045.0
-
- a
- Instytucja, która sporządziła opis (NP)
- SZCZ U/DL
-
- c
- Instytucja, która sporządziła rekord (NP)
- SZCZ U/DL
-
- d
- Instytucja, która zmodyfikowała rekord (P)
- SZCZ U/MS
-
- a
- Język tekstu (P)
- polski
-
- a
- Kraj miejsca wydania
- Polska
-
- c
- Rodzaj dokumentu
- Książka
-
- a
- Nazwa osobowa (NP)
- Nawrot, Rafał Aleksander.
-
- 9
- KHW
- 681567
-
- a
- Oznaczenie wydania (NP)
- Stan prawny: listopad 2008.
-
- a
- Miejsce wydania (P)
- Warszawa :
-
- b
- Nazwa wydawcy (P)
- Wydawnictwo C. H. Beck,
-
- c
- Data wydania (P)
- 2009.
-
- a
- Określenie formy książki i/lub objętość (NP)
- XXI, 214 s. ;
-
- c
- Format (NP)
- 22 cm.
-
- a
- Uwaga dot. bibliografii załącznikowej
- Bibliogr. Ind.
-
- a
- Uwaga dot. bibliografii załącznikowej
- Wykaz orzeczeń, pism i interpretacji.
-
- 2
- Identyfikator wydania tablic
- UDC-P058
-
- 9
- UKD
- 3557
-
- a
- Symbol klasyfikacji
- 347.728.1
-
- b
- Dopowiedzenie
- Sprawozdania finansowe spółek. Księgi rachunkowe (handlowe). Bilanse. Inwentarze. Rachunek strat i zysków. Rezerwy. Amortyzacja.
-
- 4
- UKD2
- 7642
-
- x
- Poddział wspólny
- (438)
-
- c
- Dopowiedzenie poddz. wspólnego
- (Polska).
-
- 2
- Identyfikator wydania tablic
- UDC-P058
-
- 9
- UKD
- 3133
-
- a
- Symbol klasyfikacji
- 336.221.24
-
- b
- Dopowiedzenie
- Zasady i praktyka prawa podatkowego.
-
- 4
- UKD2
- 7642
-
- x
- Poddział wspólny
- (438)
-
- c
- Dopowiedzenie poddz. wspólnego
- (Polska).
-
- a
- UKD
- 347.728.1:336.221.24](438)
| 005 -DATA I CZAS OSTATNIEJ MODYFIKACJI [,] |
|
|---|---|
| 020 -Międzynarod. znormalizowany nr książki - ISBN [ , ] | |
| 040 -Instytucja sporządzająca opis [ , ] |
|
| 041 -Język dokumentu [0, ] |
|
| 044 -Kraj miejsca wydania [ , ] |
|
| 942 -Rodzaj dokumentu [ , ] |
|
| 100 -Hasło główne - nazwa osobowa [1, ] |
|
| 245 -Strefa tytułu i oznaczenia odpowiedzialności [1,0] | |
| 250 -Strefa wydania [ , ] |
|
| 260 -Strefa adresu wydawniczego [ , ] |
|
| 300 -Strefa opisu fizycznego [ , ] |
|
| 504 -Uwaga dot. bibliogr. załącznikowej [ , ] |
|
| 504 -Uwaga dot. bibliogr. załącznikowej [ , ] |
|
| 080 -Uniwersalna Klasyfikacja Dziesiętna [ , ] |
|
| 080 -Uniwersalna Klasyfikacja Dziesiętna [ , ] |
|
| 980 -Symbol UKD [ , ] |
|
| 920 -ISBN [ , ] | |
| Sygnatura | Numer inwentarzowy | Status udost. | Data inwentaryzacji | Lokalizacja |
|---|---|---|---|---|
| T.10782 | T.10782 | -2 | 2009-12-18 | T |